Sharing secrets with lawmakers : Congress as a user of intelligence /

Bibliographic Details
Main Author: Snider, L. Britt
Corporate Author: Center for the Study of Intelligence (U.S.)
Format: Government Document Book
Language:English
Published: [Washington, D.C.] : Central Intelligence Agency, Center for the Study of Intelligence, [1997]
Series:Intelligence monograph (Center for the Study of Intelligence (U.S.))
Subjects:
Online Access:https://purl.fdlp.gov/GPO/LPS61108

MARC

Tag First Indicator Second Indicator Subfields
LEADER 00000cam a2200000Ia 4500
001 in00000005165
008 990708s1997 dcua bb f000 0 eng d
005 20230331144341.0
035 |a (OCoLC)ocm42361304 
035 |9 AJJ0256AM 
035 |a in00000005165 
040 |a FDA  |c FDA  |d LLT  |d GPO  |d MvI  |d UtOrBLW 
043 |a n-us--- 
049 |a UMIC 
049 |a WWW 
074 |a 0856-A-13 (MF) 
074 |a 0856-A-13 (online) 
086 0 |a PREX 3.18:SE 2 
090 |a JK 468 .I6  |b S58 1997 
100 1 |a Snider, L. Britt. 
245 1 0 |a Sharing secrets with lawmakers :  |b Congress as a user of intelligence /  |c by L. Britt Snider. 
246 3 0 |a Congress as a user of intelligence 
264 1 |a [Washington, D.C.] :  |b Central Intelligence Agency, Center for the Study of Intelligence,  |c [1997] 
300 |a vii, 62 pages :  |b illustrations ;  |c 28 cm. 
336 |a text  |b txt  |2 rdacontent 
337 |a microform  |b h  |2 rdamedia 
338 |a microfiche  |b he  |2 rdacarrier 
490 1 |a An intelligence monograph 
500 |a "CSI 97-10001." 
500 |a "February 1997." 
500 |a Shipping list number: 1999-0607-M. 
500 |a Shipping list number: 99-0607-M. 
500 |a Shipping List Date: 06/21/99 
504 |a Includes bibliographical references. 
533 |a Microfiche.  |b [Washington, D.C.] :  |c SUPTDOCS/GPO,  |d [1999].  |e 1 microfiche : negative. 
530 |a Also available via Internet from the CIS web site. Address as of 6/23/05: http://www.cia.gov/csi/monograph/lawmaker/toc.htm; current access is available via PURL. 
500 |a Microform. 
610 1 0 |a United States.  |b Congress. 
650 0 |a Intelligence service  |z United States. 
710 2 |a Center for the Study of Intelligence (U.S.) 
830 0 |a Intelligence monograph (Center for the Study of Intelligence (U.S.)) 
856 4 1 |u https://purl.fdlp.gov/GPO/LPS61108  |t 0 
999 |a MARS 
999 f f |i e8e8101f-3495-37e1-95af-c60c48e51d3a  |s ad8ff6d7-c645-3b05-b7da-cfd4a3cacd27  |t 0 
952 f f |p normal  |a Texas A&M University  |b College Station  |c Sterling C. Evans Library  |d Evans: US Documents (Annex 5th floor)  |t 0  |e PREX 3.18:SE 2  |h Superintendent of Documents classification  |i microform -- microfiche  |m A14828686186 
952 f f |a Texas A&M University  |b College Station  |c Sterling C. Evans Library  |d Evans: US Documents Microfiche (3rd floor)  |t 0  |e PREX 3.18:SE 2  |h Superintendent of Documents classification 
952 f f |a Texas A&M University  |b College Station  |c Electronic Resources  |d Available Online  |t 0  |e PREX 3.18:SE 2  |h Superintendent of Documents classification 
998 f f |a PREX 3.18:SE 2  |t 0  |l Evans: US Documents (Annex 5th floor) 
998 f f |a PREX 3.18:SE 2  |t 0  |l Evans: US Documents Microfiche (3rd floor) 
998 f f |a PREX 3.18:SE 2  |t 0  |l Available Online